| 000 | 01081nam a2200301 i 4500 | ||
|---|---|---|---|
| 001 | 200447212 | ||
| 999 |
_c200447212 _d65424 |
||
| 003 | TR-AnTOB | ||
| 005 | 20260310145557.0 | ||
| 007 | ta | ||
| 008 | 220208s2002 tu a tur d | ||
| 040 |
_aTR-AnTOB _beng _erda _cTR-AnTOB |
||
| 041 | 0 | _atur | |
| 050 | 4 |
_aHC493.H38 _bH383 2002 |
|
| 090 |
_aHC493.H38 _bH383 2002 |
||
| 245 | 0 | 0 |
_aHatay sanayi potansiyeli ve yatırım alanları araştırması / _chazırlayan Rıza Alagöz. |
| 264 | 1 |
_aAnkara : _bSanayi ve Ticaret Bakanlığı Sanayi Araştırma ve Geliştirme Genel Müdürlüğü, _c2002. |
|
| 300 |
_avi, 148 pages ; _c30 cm |
||
| 336 |
_atext _btxt _2rdacontent |
||
| 337 |
_aunmediated _bn _2rdamedia |
||
| 338 |
_avolume _bnc _2rdacarrier |
||
| 490 | 0 |
_aT.C. Sanayi ve Ticaret Bakanlığı Sanayi Araştırma ve Geliştirme Genel Müdürlüğü ; _v107 |
|
| 650 | 7 |
_aEndüstrileşme _zTürkiye _2etuturkob _969834 |
|
| 650 | 0 |
_aYatırımlar _zTürkiye _992197 |
|
| 700 | 1 |
_aAlagöz, Rıza _eeditor _9128108 |
|
| 942 |
_2lcc _cBK |
||